War all the time : poems, 1981-1984 /

Bibliographic Details
Main Author: Bukowski, Charles
Format: Book
Language:English
Published: Santa Rosa, CA : Black Sparrow Press, [1984]

MARC

Tag First Indicator Second Indicator Subfields
LEADER 00000cam a2200000 a 4500
001 in00001095113
005 20150929201943.0
008 840829s1984 cau 000 0 eng
010 |a  84020390  
019 |a 12147529 
020 |a 0876856377 (pbk.) 
020 |a 0876856385 
020 |a 0876856393 (deluxe signed) 
035 |a (OCoLC)11159405 
035 |9 AFT2036AM 
040 |a DLC  |c DLC  |d m/c  |d UtOrBLW 
049 |a TXAM 
050 0 0 |a PS3552.U4  |b W3 1984 
082 0 |a 811/.54  |2 19 
100 1 |a Bukowski, Charles. 
245 1 0 |a War all the time :  |b poems, 1981-1984 /  |c Charles Bukowski. 
264 1 |a Santa Rosa, CA :  |b Black Sparrow Press,  |c [1984] 
264 3 |c 1991 printing 
264 4 |c ©1984 
300 |a 280 pages ;  |c 23 cm. 
336 |a text  |b txt  |2 rdacontent 
337 |a unmediated  |b n  |2 rdamedia 
338 |a volume  |b nc  |2 rdacarrier 
999 |a MARS 
999 f f |s de50a8df-9d97-3cfb-b75c-fc64a7dccdca  |i d0a16569-51d6-3969-80c3-4f48d17ace3e  |t 0 
952 f f |p normal  |a Texas A&M University  |b College Station  |c Sterling C. Evans Library  |d Evans: Library Stacks  |t 0  |e PS3552.U4 W3 1984  |h Library of Congress classification  |i unmediated -- volume  |m A14817252819 
998 f f |a PS3552.U4 W3 1984  |t 0  |l Evans: Library Stacks